000 00306nam a2200109Ia 4500
008 231129s2006||||xx |||||||||||||| ||spa||
082 _aDVD000009 791.437 D32g
245 0 _a10 grandes pelí­culas de la historia del cine [pelí­cula]
260 _c2006
264 _aBogotá : Yoyo music
942 _2ddc
_cBKS
999 _c4149
_d4149